000 00793nam a2200193Ii 4500
003 JO-AjNU
008 230605s9999||||xx |||||||||||||| ||und||
040 _aJO-AjNU
_bara
_erda
_cJO-AjNU
041 _aara
050 1 4 _aHG1615 2011
100 3 _aحسن،سيد عبدالفتاح صالح,
_eauthor
_933906
245 0 0 _aمنهج محاسبي مقترح لادارة المخاطر المصرفية في ضوء حوكمة تكنولوجيا المعلومات مع دراسة ميدانية
264 3 1 _aالقاهرة: المنظمة العربية للتنمية الادارية، 2011
300 _a97ص
336 _atext
_btxt
_2rdacontent
337 _aunmediated
_bn
_2rdamedia
338 _avolume
_bnc
_2rdacarrier
650 4 _aادارة المخاطر المصرفية
_933907
999 _aA13847
_c17415
_d17415